000 00469nmm a2200169Ia 4500
008 251105s9999||||xx |||||||||||||||||und||
020 _a9788434894037
041 _aspa
100 _aCarazo, Jesús
245 0 _aPide otra pizza, por favor
264 _a[Madrid, España] :
_bGrupo SM,
_c2003
300 _a123 páginas
490 _aGran angular
650 _aTeen & Young Adult Fiction
856 _uhttps://public.digitaliapublishing.com/a/98883
942 _cCF
999 _c82152
_d82152